Philippines Country Quiz - Statistics

General Stats
  • This quiz has been taken 678 times
  • The average score is 5 of 11
Answer Stats
Philippines Quiz Answer % Correct
Main Spoken Language Filipino
95%
Athem Name Lupang Hinirang
72%
National Animal Carabao
65%
Largest City Quezon City
64%
Philippinnes have ? islands 7107
61%
Biggest Volcano Pinatubo
43%
Longest River Cagayan River
41%
Smallest Volcano Taal Volcano
32%
Founded Year 1521
22%
There are ? Cities in Philippines 145
4%
Tallest Building The Gramercy Residences
1%
No matching quizzes found
Score Distribution
Percent of People with Each Score
Percentile by Number Answered
Your Score History
You have not taken this quiz